000 00823nam a2200241 i 4500
001 38326
003 ES-MaACL
005 20230906155734.0
007 t|
008 030225q1882 xxk ||||1| eng d
080 _a929 Calderón de la Barca, Madame
080 _a908(72)"18"
080 _a39(72)"18"
100 1 _aCalderón de la Barca, Madame.
_933610
245 1 0 _aLife in Mexico during a residence of two years in that country /
_cby Madame Calderón de la Barca , [introduction by H. Baerlein].
260 _aLondon :
_bRichard Clay and Sons,
_c[1882?]
300 _aXXXVIII, 542 p. ;
_c18 cm.
600 1 4 _aCalderón de la Barca, Madame.
_933610
651 4 _aMéxico-
_xDescripción.
_99061
651 4 _aMéxico-
_xUsos y costumbres.
_9137275
700 1 _aBaerlein, H.
_924600
852 4 _aES-MaACL
_jG-14665
999 _c38326
_d38326